Cuadernos de Juventud /
Furkejuvvon:
| Materiálatiipa: | Girji |
|---|---|
| Giella: | Spanish |
| Almmustuhtton: |
Madrid:
Consejo de la Juventud de España
|
| Fáttát: | |
| Fáddágilkorat: |
Lasit fáddágilkoriid
Eai fáddágilkorat, Lasit vuosttaš fáddágilkora!
|
MARC
| LEADER | 00000nam a22000007a 4500 | ||
|---|---|---|---|
| 003 | cru CIDCACS/IIS | ||
| 005 | 20240111115126.0 | ||
| 008 | 240111b |||||||| |||| 00| 0 spa d | ||
| 022 | |a 84-451-0089-0 | ||
| 040 | |c cru CIDCACS/IIS | ||
| 090 | |a REV0238 | ||
| 245 | |a Cuadernos de Juventud / |c Consejo de la Juventud de España | ||
| 260 | |a Madrid: |b Consejo de la Juventud de España | ||
| 500 | |a EXISTENCIAS : 1987 (6) | ||
| 650 | 0 | |a JUVENTUD |2 TESAUROS |9 978 | |
| 650 | 0 | |a MERCADO DE TRABAJO |9 287 | |
| 650 | 0 | |a TRABAJO |9 27 | |
| 651 | 0 | |a ESPAÑA |9 90 | |
| 942 | |2 ddc |c PP | ||
| 999 | |c 45444 |d 45444 | ||
